Online
Catalog

Investigaciones semánticas / (Record no. 11585)

MARC details
000 -CABECERA
campo de control de longitud fija 01063nam a2200277 a 4500
001 - NÚMERO DE CONTROL
campo de control 000011915
005 - FECHA Y HORA DE LA ÚLTIMA TRANSACCIÓN
campo de control 20200929162621.0
008 - DATOS DE LONGITUD FIJA--INFORMACIÓN GENERAL
campo de control de longitud fija 091029s1978 ag ad 001 0 spa d
040 ## - FUENTE DE LA CATALOGACIÓN
Centro catalogador/agencia de origen DO-SdBNP
Lengua de catalogación spa
Centro/agencia transcriptor BNPHU
041 17 - CÓDIGO DE LENGUA
Código de lengua del texto/banda sonora o título independiente spa
Código de lengua original fre
Fuente del código Código de idioma MARC
082 ## - NÚMERO DE LA CLASIFICACIÓN DECIMAL DEWEY
Número de clasificación 412
Número de documento/Ítem I62s
049 ## - FONDOS LOCALES (OCLC)
Fondos de biblioteca BNGR
240 10 - TÍTULO UNIFORME
Título uniforme Recherches sémantiques
Lenguaje de la obra español
245 00 - MENCIÓN DE TÍTULO
Título Investigaciones semánticas /
Mención de responsabilidad, etc. compiladores, Tzevetan Todorov, J. Apresjan, F. G. Lounsbury ; traductor, Donatella Castellani.
260 ## - PUBLICACIÓN, DISTRIBUCIÓN, ETC.
Lugar de publicación, distribución, etc. Buenos Aires, Argentina :
Nombre del editor, distribuidor, etc. Nueva Visión,
Fecha de publicación, distribución, etc. 1978.
300 ## - DESCRIPCIÓN FÍSICA
Extensión 137 p. :
Otras características físicas il., tablas ;
Dimensiones 23 cm.
534 ## - NOTA SOBRE LA VERSIÓN ORIGINAL
Frase introductoria Título original en francés:
Mención de título del original Recherches sémantiques
Publicación, distribución, etc. del original París : Librairie Marcel Didier, 1966.
650 #4 - PUNTO DE ACCESO ADICIONAL DE MATERIA--TÉRMINO DE MATERIA
Término de materia o nombre geográfico como elemento de entrada Semiótica
9 (RLIN) 4668
650 #4 - PUNTO DE ACCESO ADICIONAL DE MATERIA--TÉRMINO DE MATERIA
Término de materia o nombre geográfico como elemento de entrada Semiótica
Subdivisión general Investigaciones
-- Historia
9 (RLIN) 28187
650 #4 - PUNTO DE ACCESO ADICIONAL DE MATERIA--TÉRMINO DE MATERIA
Término de materia o nombre geográfico como elemento de entrada Análisis semántico
9 (RLIN) 28148
650 #4 - PUNTO DE ACCESO ADICIONAL DE MATERIA--TÉRMINO DE MATERIA
Término de materia o nombre geográfico como elemento de entrada Categorías semánticas
9 (RLIN) 28188
700 1# - PUNTO DE ACCESO ADICIONAL--NOMBRE DE PERSONA
Nombre de persona Todorov, Tzevetan
9 (RLIN) 28189
700 1# - PUNTO DE ACCESO ADICIONAL--NOMBRE DE PERSONA
Nombre de persona Apresjan, J.
9 (RLIN) 28190
700 1# - PUNTO DE ACCESO ADICIONAL--NOMBRE DE PERSONA
Nombre de persona Lounsbury, F. G.
9 (RLIN) 28191
700 1# - PUNTO DE ACCESO ADICIONAL--NOMBRE DE PERSONA
Nombre de persona Castellani, Donatella,
Término indicativo de función/relación tr.
9 (RLIN) 28124
Holdings
Estado de retiro Estado de pérdida Restricciones de uso No para préstamo Código de colección Localización permanente Ubicación/localización actual Ubicación en estantería Fecha de adquisición Número de inventario Total de préstamos Signatura topográfica completa Código de barras Fecha visto por última vez Precio válido a partir de Tipo de ítem Koha
    Préstamo interno   Monografías: Libros y Folletos General General En catalogación 29.10.2009 LF1   412 I62s 11915-10 25.06.2020 25.06.2020 Préstamo interno

Powered by Koha